Trouve le nom des films (facile) - Statistiques

Statistiques générales
  • Ce quiz a été pris 973 fois
  • Le résultat moyen est 7 sur 16
Statistiques - réponses
Par images Réponse % Correct
Avatar
99%
Avengers
77%
Gladiator
63%
Interstellar
60%
Fast&Furious
55%
Titanic
52%
Rio
50%
Mission Impossible
41%
Jurassic World
38%
Avatar 2
36%
The Dark Knight
30%
Harry Potter 3
23%
Spider-Man : No Way Home
19%
Star wars 5
19%
Man of Steel
16%
La Planète des Singes 3
6%
Aucun quiz correspondant
Distribution des résultats
% des personnes avec chaque résultat
Percentile par nombre de réponses
Votre historique - résultats
Vous n’avez pas pris ce quiz